Proceedings of the 3rd international gas processing symposium : (Record no. 23781)
[ view plain ]
| 000 -LEADER | |
|---|---|
| fixed length control field | 01171cam a22003015a 4500 |
| 001 - CONTROL NUMBER | |
| control field | 17591248 |
| 005 - DATE AND TIME OF LATEST TRANSACTION | |
| control field | 20161229131541.0 |
| 008 - FIXED-LENGTH DATA ELEMENTS--GENERAL INFORMATION | |
| fixed length control field | 130115t2012 ne a frb 101 0 eng d |
| 020 ## - INTERNATIONAL STANDARD BOOK NUMBER | |
| International Standard Book Number | 9780444594969 |
| 040 ## - CATALOGING SOURCE | |
| Original cataloging agency | DLC |
| Language of cataloging | eng |
| Transcribing agency | DLC |
| Modifying agency | DLC |
| -- | EG-ScBUE |
| 082 04 - DEWEY DECIMAL CLASSIFICATION NUMBER | |
| Edition number | 22 |
| Classification number | 665.7 |
| Item number | PRO |
| 111 2# - MAIN ENTRY--MEETING NAME | |
| Meeting name or jurisdiction name as entry element | Gas Processing Symposium |
| Number of part/section/meeting | (3rd : |
| Date of meeting | 2012 : |
| Location of meeting | Doha, Qatar) |
| 245 10 - TITLE STATEMENT | |
| Title | Proceedings of the 3rd international gas processing symposium : |
| Remainder of title | 5 - 7 March, 2012, Doha, Qatar / |
| Statement of responsibility, etc | edited by Abdelwahab Aroussi, Farid Benyahia. |
| 246 3# - VARYING FORM OF TITLE | |
| Title proper/short title | Proceedings of the third international gas processing symposium |
| 246 18 - VARYING FORM OF TITLE | |
| Title proper/short title | 3rd international gas processing symposium |
| 246 3# - VARYING FORM OF TITLE | |
| Title proper/short title | Third international gas processing symposium |
| 260 ## - PUBLICATION, DISTRIBUTION, ETC. (IMPRINT) | |
| Place of publication, distribution, etc | Amsterdam ; |
| -- | Oxford : |
| Name of publisher, distributor, etc | Elsevier, |
| Date of publication, distribution, etc | c.2012. |
| 300 ## - PHYSICAL DESCRIPTION | |
| Extent | [xiii], 419 p. : |
| Other physical details | ill. ; |
| Dimensions | 24 cm. |
| 490 0# - Series Statement | |
| Series statement | Advances in gas processing ; |
| Volume/sequential designation | v. 3 |
| 500 ## - GENERAL NOTE | |
| General note | Symposium proceedings. |
| 504 ## - BIBLIOGRAPHY, ETC. NOTE | |
| Bibliography, etc | Includes bibliographical references and index. |
| 650 #7 - SUBJECT ADDED ENTRY--TOPICAL TERM | |
| Topical term or geographic name as entry element | Natural gas |
| Form subdivision | Congresses. |
| Source of heading or term | BUEsh |
| 651 ## - SUBJECT ADDED ENTRY--GEOGRAPHIC NAME | |
| Source of heading or term | BUEsh |
| 653 ## - INDEX TERM--UNCONTROLLED | |
| Resource For college | Engineering, Petroleum |
| Arrived date list | December2016 |
| 700 1# - ADDED ENTRY--PERSONAL NAME | |
| Personal name | Aroussi, Abdelwahab, |
| Relator term | editor. |
| 700 1# - ADDED ENTRY--PERSONAL NAME | |
| Personal name | Benyahia, Farid, |
| Relator term | editor. |
| 942 ## - ADDED ENTRY ELEMENTS (KOHA) | |
| Source of classification or shelving scheme | Dewey Decimal Classification |
| Withdrawn status | Item status | Source of classification or shelving scheme | Damaged status | Not for loan | Vendor | Home library | Current library | Shelving location | Date acquired | Source of acquisition | Coded location qualifier | Cost, normal purchase price | Total Checkouts | Full call number | Barcode | Date last seen | Cost, replacement price | Koha item type |
|---|---|---|---|---|---|---|---|---|---|---|---|---|---|---|---|---|---|---|
| Dewey Decimal Classification | Academic Bookshop | Central Library | Central Library | First floor | 29/12/2016 | Purchase | 2800 | 999999.99 | 665.7 PRO | 000040700 | 15/07/2025 | 3500.00 | Book - Borrowing |